El pensamiento de Costa y su influencia en el 98 / (Record no. 118907)
[ view plain ]
| 000 -LEADER | |
|---|---|
| campo de control de longitud fija | 00905nam a2200241 i 4500 |
| 001 - NÚMERO DE CONTROL | |
| campo de control | 118907 |
| 003 - IDENTIFICADOR DE NÚMERO DE CONTROL | |
| campo de control | ES-MaACL |
| 005 - FECHA Y HORA DE LA ÚLTIMA TRANSACCIÓN | |
| campo de control | 20251215125400.0 |
| 007 - CAMPO FIJO DE DESCRIPCIÓN FÍSICA--INFORMACIÓN GENERAL | |
| campo de control de longitud fija | t| |
| 008 - DATOS DE LONGITUD FIJA--INFORMACIÓN GENERAL | |
| campo de control de longitud fija | 070214s1966 sp |||| | spa d |
| 100 1# - ENTRADA PRINCIPAL--NOMBRE DE PERSONA | |
| Nombre de persona | Pérez de la Dehesa, Rafael. |
| 9 (RLIN) | 90781 |
| 245 13 - MENCIÓN DEL TÍTULO | |
| Título | El pensamiento de Costa y su influencia en el 98 / |
| Mención de responsabilidad, etc. | Rafael Pérez de la Dehesa. |
| 260 ## - PUBLICACIÓN, DISTRIBUCIÓN, ETC. | |
| Lugar de publicación, distribución, etc. | Madrid : |
| Nombre del editor, distribuidor, etc. | Sociedad de Estudios y Publicaciones, |
| Fecha de publicación, distribución, etc. | 1966 ( |
| Fabricante | Ograma) |
| 300 ## - DESCRIPCIÓN FÍSICA | |
| Extensión | 261 p. ; |
| Dimensiones | 21 cm. |
| 504 ## - NOTA DE BIBLIOGRAFÍA, ETC. | |
| Nota de bibliografía, etc. | Bibliografía: p. 233-[261] |
| 505 8# - NOTA DE CONTENIDO CON FORMATO | |
| Nota de contenido con formato | Contiene: Las intervenciones del Ateneo, p. 129-154 |
| 530 ## - NOTA DISPONIBLE DE FORMULARIO FÍSICO ADICIONAL | |
| Nota de formato físico adicional disponible | Disponible en formato digital. |
| 600 14 - PUNTO DE ACCESO ADICIONAL DE MATERIA--NOMBRE DE PERSONA | |
| Nombre de persona | Costa, Joaquín, |
| Fechas asociadas al nombre | 1846-1911- |
| Subdivisión general | Pensamiento político |
| 9 (RLIN) | 41057 |
| 852 ## - LOCALIZACIÓN | |
| Ubicación | ES-MaACL |
| Ubicación en estantería | Depósito folletos |
| 856 4# - LOCALIZACIÓN Y ACCESO ELECTRÓNICOS | |
| Identificador Uniforme de Recursos | <a href="https://bibliotecavirtual.aragon.es/es/consulta/registro.do?id=2036">https://bibliotecavirtual.aragon.es/es/consulta/registro.do?id=2036</a> |
| Texto de enlace | (Biblioteca Virtual de Aragón) |
| 942 ## - ELEMENTOS DE ENTRADA SECUNDARIOS (KOHA) | |
| Fuente del sistema de clasificación o colocación | Clasificación decimal universal |
| Estatus retirado | Estado de pérdida | Fuente del sistema de clasificación o colocación | Estado de daño | No para préstamo | Colección | Biblioteca de origen | Biblioteca actual | Ubicación en estantería | Fecha de adquisición | Total de préstamos | Signatura topográfica completa | Código de barras | Visto por última vez | Precio de reemplazo | Tipo de ítem Koha |
|---|---|---|---|---|---|---|---|---|---|---|---|---|---|---|---|
| Clasificación decimal universal | Biblioteca Digital del Ateneo de Madrid | Biblioteca del Ateneo de Madrid | Biblioteca del Ateneo de Madrid | Depósito | 17/01/2008 | FOL-60340 | 1123961 | 23/02/2023 | 23/02/2023 | Libro impreso |
